000 01849cam a22003374a 4500
001 13487894
005 20210414114050.0
008 040211s2004 maua 001 0 eng
010 _a 2004003394
020 _a1584503351 (pbk. with cdrom : alk. paper)
040 _aDLC
_cDLC
_dDLC
042 _apcc
050 0 0 _aTK5105.543.D35
082 0 0 _a004.6/2
_222
100 1 _aDas, R.
_q(Rajarshi)
245 1 0 _aEnabling IP routing with Cisco routers. /
_cR. Das, K. Chakrabarty.
250 _a1st ed.
260 _aHingham, Mass. :
_bCharles River Media,
_cc2004.
300 _axiv, 486 p. :
_bill. ;
_c24 cm.
_e1 CD-ROM (4 3/4 in.)
490 1 _aNetworking series
500 _aIncludes index.
505 _aContents: Introduction to routing -- The OSI network layer -- Static and dynamic routing -- Routing information protocol -- Interior gateway routing protocol -- Enhanced interior gateway protocol -- Open shortest path first routing protocol -- Intermediate system to intermediate system -- Border gateway protocol -- Redistribution -- On demand routing and default routing -- Route maps and filtering -- BGP case study -- EIGRP case study -- IGRS case study -- IS_IS case study -- ODR case study -- OSPF case study -- Redistribution case study -- RIP case s tudy -- Route maps case study.
650 0 _aRouters (Computer networks)
650 0 _aTCP/IP (Computer network protocol)
700 1 _aChakrabarty, K.
_q(Koel)
830 0 _aNetworking series (Charles River Media)
856 4 1 _3Table of contents
_uhttp://www.loc.gov/catdir/toc/ecip0415/2004003394.html
906 _a7
_bcbc
_corignew
_d1
_eecip
_f20
_gy-gencatlg
942 _2lcc
_cBK
999 _c1735
_d9235